<?xml version="1.0" encoding="UTF-8"?>
<record
    xmlns:xsi="http://www.w3.org/2001/XMLSchema-instance"
    xsi:schemaLocation="http://www.loc.gov/MARC21/slim http://www.loc.gov/standards/marcxml/schema/MARC21slim.xsd"
    xmlns="http://www.loc.gov/MARC21/slim">

  <leader>00835nam a2200229 a 4500</leader>
  <controlfield tag="001">BRCA_4204</controlfield>
  <controlfield tag="005">20190320204602.0</controlfield>
  <controlfield tag="008">010610s1993----sp-a######---#000-0#spa-#</controlfield>
  <datafield tag="020" ind1=" " ind2=" ">
    <subfield code="a">8479249994</subfield>
  </datafield>
  <datafield tag="041" ind1=" " ind2=" ">
    <subfield code="a">spa</subfield>
  </datafield>
  <datafield tag="044" ind1=" " ind2=" ">
    <subfield code="a">sp</subfield>
  </datafield>
  <datafield tag="050" ind1=" " ind2="4">
    <subfield code="a">BS2453</subfield>
    <subfield code="b">.S26 1993</subfield>
  </datafield>
  <datafield tag="245" ind1="1" ind2="0">
    <subfield code="a">Santiago y Am&#xE9;rica</subfield>
    <subfield code="b">Mosteiro de San Marti&#xF1;o Pinario, Santiago de Compostela 1993.</subfield>
  </datafield>
  <datafield tag="260" ind1=" " ind2=" ">
    <subfield code="a">Junta de Galicia</subfield>
    <subfield code="b">Conseller&#xED;a de Cultura e Xuventude : Arcebispado de Santiago de Compostela</subfield>
    <subfield code="c">1993</subfield>
  </datafield>
  <datafield tag="300" ind1=" " ind2=" ">
    <subfield code="a">439 p.</subfield>
    <subfield code="b">il. a color</subfield>
    <subfield code="c">31 cm.</subfield>
  </datafield>
  <datafield tag="504" ind1=" " ind2=" ">
    <subfield code="a">Bibliograf&#xED;a: p. 425-435</subfield>
  </datafield>
  <datafield tag="600" ind1="1" ind2="4">
    <subfield code="a">James</subfield>
    <subfield code="c">El Gran</subfield>
    <subfield code="v">Exposiciones</subfield>
    <subfield code="x">Arte</subfield>
    <subfield code="9">10850</subfield>
  </datafield>
  <datafield tag="600" ind1="1" ind2="4">
    <subfield code="a">James</subfield>
    <subfield code="c">El Gran, Santo</subfield>
    <subfield code="v">Exposiciones</subfield>
    <subfield code="x">Culto</subfield>
    <subfield code="9">10851</subfield>
  </datafield>
  <datafield tag="650" ind1="1" ind2="4">
    <subfield code="a">Orden de Santiago</subfield>
    <subfield code="v">Exposiciones</subfield>
    <subfield code="9">10852</subfield>
  </datafield>
  <datafield tag="650" ind1="1" ind2="4">
    <subfield code="a">Arte cristiano y simbolismo</subfield>
    <subfield code="v">Exposiciones</subfield>
    <subfield code="z">Espa&#xF1;a</subfield>
    <subfield code="9">10853</subfield>
  </datafield>
  <datafield tag="942" ind1=" " ind2=" ">
    <subfield code="2">lcc</subfield>
    <subfield code="c">B</subfield>
  </datafield>
  <datafield tag="999" ind1=" " ind2=" ">
    <subfield code="c">3919</subfield>
    <subfield code="d">3919</subfield>
  </datafield>
  <datafield tag="952" ind1=" " ind2=" ">
    <subfield code="0">0</subfield>
    <subfield code="1">0</subfield>
    <subfield code="4">0</subfield>
    <subfield code="7">0</subfield>
    <subfield code="a">BRCA</subfield>
    <subfield code="b">BRCA</subfield>
    <subfield code="d">2010-06-01</subfield>
    <subfield code="l">0</subfield>
    <subfield code="o">BS2453 .S26 1993</subfield>
    <subfield code="p">02308</subfield>
    <subfield code="r">2019-03-22 00:00:00</subfield>
    <subfield code="w">2019-03-22</subfield>
    <subfield code="y">B</subfield>
  </datafield>
</record>
